000 00714cam a22002413a 4500
001 24366
003 PGUSA
005 20140828083524.0
008 080120s2008||||xxu|||||s|||||000 | eng d
040 _aPGUSA
_beng
042 _adc
050 4 _aRC
050 4 _aHV
100 1 _aFowler, Orin,
_d1791-1852
245 1 2 _aA Disquisition on the Evils of Using Tobacco ;
_band, the Necessity of Immediate and Entire Reformation
_h[electronic resource] /
_cOrin Fowler
260 _bProject Gutenberg,
_c2008
506 _aPublic domain in the USA.
516 _aElectronic text
653 _aTobacco use
830 0 _aProject Gutenberg
_v24366
856 4 0 _uhttp://www.gutenberg.org/ebooks/24366
942 _cEB
999 _c253621
_d253621